000 01021cab a22002175a 4500
001 L138542
008 070620e20070616xxk 000 0 eng d
035 _a(Sirsi) u138542
041 0 _aeng
100 1 _aMant, Julian
245 0 0 _aProfitability may go up in smoke
260 _c2007
490 _aEstates Gazette
_v(0724) 16 June 2007, 160-162(3)
520 _aPractice and Law article describes the effect of the smoking ban in England, which comes into force on 1 July. Details responsibilities and penalties for smokers and managers. The effects of the legislation on different types of premises are explained. Transport and residential properties are included in the explanations. Measures commonly being taken in public houses are explored in more detail.
590 _aKA
650 2 4 _aHEALTH ACT 2006
651 4 _aEngland
_y886-
690 _aPROPERTY-COMMERCIAL PROPERTY-LEISURE PROPERTY-REFRESHMENT AND CULINARY PROPERTY-LICENSED PROPERTY-LICENSED PREMISES
700 1 _aRoutley, Mark
942 _n0
999 _c78904
_d78904